[Event "2BLW 2122 SV Koblenz - SG Porz"]
[Site "?"]
[Date "2022.05.14"]
[Round "5.6"]
[White "Stewart, Neil"]
[Black "Marcziter, Dmitrii"]
[Result "1/2-1/2"]
[WhiteElo "2245"]
[BlackElo "2227"]
[PlyCount "81"]
[EventDate "2022.??.??"]

1. d4 d5 2. c4 e6 3. Nf3 c5 4. cxd5 exd5 5. Nc3 Nc6 6. dxc5 d4 7. Na4 Bf5 8.
Bd2 Nf6 9. g3 Ne4 10. Rc1 Nxd2 11. Nxd2 Qd5 12. Nf3 Be4 13. Qb3 Qxb3 14. axb3
Bd5 15. Bg2 Bxb3 16. Ra1 Bxa4 17. Rxa4 Bxc5 18. O-O O-O 19. Rc1 Bb6 20. Nd2
Rae8 21. Kf1 Re6 22. Nb3 Rfe8 23. Bxc6 Rxc6 24. Rxc6 bxc6 25. Rc4 c5 26. Ke1 g5
27. Kd2 Re5 28. Kd3 Kf8 29. Nd2 g4 30. b4 cxb4 31. Rxb4 Rh5 32. f3 Rxh2 33.
fxg4 Rh3 34. Ne4 h5 35. Rb5 hxg4 36. Rg5 Ke7 37. Re5+ Kd7 38. Rf5 Ke7 39. Re5+
Kf8 40. Rg5 Ke7 41. Re5+ 1/2-1/2

[Event "2BLW 2122 SV Koblenz - SG Porz"]
[Site "?"]
[Date "2022.05.14"]
[Round "5.7"]
[White "Mohammadi Nia, Borna"]
[Black "Steinacker, Alex"]
[Result "0-1"]
[WhiteElo "2159"]
[BlackElo "2289"]
[PlyCount "60"]
[EventDate "2022.??.??"]

1. e4 g6 2. d4 Bg7 3. Nf3 d6 4. Nc3 Nf6 5. Bd3 O-O 6. Ne2 Nc6 7. c3 e5 8. d5
Ne7 9. Bg5 h6 10. Bd2 c6 11. c4 cxd5 12. cxd5 Nexd5 13. exd5 e4 14. Bc3 exf3
15. gxf3 Nxd5 16. Bxg7 Kxg7 17. Qd2 Be6 18. O-O-O Qb6 19. Be4 Rac8+ 20. Kb1 Rc5
21. Nd4 Nc3+ 22. Ka1 Nxd1 23. Rxd1 Bd7 24. Nb3 Rh5 25. Qc3+ Kh7 26. Qf6 Bf5 27.
Qe7 Kg8 28. Nd4 Bxe4 29. fxe4 Rxh2 30. Qf6 Qd8 0-1

[Event "2BLW 2122 SV Koblenz - SG Porz"]
[Site "?"]
[Date "2022.05.14"]
[Round "5.8"]
[White "Bohn, Thomas"]
[Black "Perkampus, Laurin"]
[Result "1/2-1/2"]
[WhiteElo "2319"]
[BlackElo "2061"]
[PlyCount "132"]
[EventDate "2022.??.??"]

1. f4 d5 2. Nf3 g6 3. d3 Bg7 4. g3 Nf6 5. Bg2 O-O 6. O-O c5 7. c3 Nc6 8. Qc2 d4
9. a4 Nd5 10. Bd2 Re8 11. Qb3 e6 12. Na3 Na5 13. Qc2 Qb6 14. Rab1 c4 15. Kh1
dxc3 16. bxc3 Qc5 17. Nxc4 Nxc4 18. dxc4 Nb6 19. Ne5 Nxc4 20. Nxc4 Qxc4 21. Be3
Bd7 22. Rb4 Qa6 23. Bxb7 Bc6+ 24. Bxc6 Qxc6+ 25. Kg1 Rec8 26. Rc1 a5 27. Rb5
Qxc3 28. Qxc3 Rxc3 29. Rxc3 Bxc3 30. Kf2 Kg7 31. Bb6 Rc8 32. Ke3 Bb4 33. Bd4+
Kg8 34. Be5 Bc3 35. Rb8 Rxb8 36. Bxb8 Kf8 37. Kd3 Be1 38. g4 Ke7 39. Kc4 Kd7
40. Kb5 Bd2 41. Be5 Bb4 42. h3 Bd2 43. Kb6 Bb4 44. Bf6 Bd2 45. Be5 Bb4 46. e4
f5 47. exf5 exf5 48. gxf5 gxf5 49. Kb5 Be1 50. Kc5 Ke6 51. Kc6 Bb4 52. Bc7 Bd2
53. Bb6 Bxf4 54. Bxa5 Be3 55. Bb6 Bxb6 56. Kxb6 f4 57. a5 f3 58. a6 f2 59. a7
f1=Q 60. a8=Q Qf2+ 61. Kb5 Qb2+ 62. Kc4 Qc2+ 63. Kd4 Qd2+ 64. Kc4 Qc2+ 65. Kd4
Qf2+ 66. Kd3 Qg3+ 1/2-1/2

[Event "2BLW 2122 SK Münster - SG Solingen II"]
[Site "?"]
[Date "2022.05.15"]
[Round "6.1"]
[White "Krastev, Alexander"]
[Black "Holtel, Jasper"]
[Result "1-0"]
[WhiteElo "2412"]
[BlackElo "2347"]
[PlyCount "73"]
[EventDate "2022.??.??"]

1. e4 c5 2. Nc3 a6 3. g3 b5 4. Bg2 Bb7 5. Nge2 e6 6. d4 cxd4 7. Nxd4 b4 8. Na4
Nf6 9. c4 Bxe4 10. Bxe4 Nxe4 11. Qf3 d5 12. cxd5 exd5 13. O-O Be7 14. Be3 O-O
15. Rfd1 Bf6 16. Rac1 a5 17. Bf4 Bg5 18. Ne2 Ra6 19. Nc5 Bxf4 20. Nxf4 Rc6 21.
Rxd5 Qe8 22. Kg2 Na6 23. Nb3 Rxc1 24. Nxc1 Nac5 25. h4 Qc6 26. Nce2 h6 27. Rxc5
Qxc5 28. Qxe4 Rc8 29. Nd4 Qc1 30. Nd5 Kh8 31. Ne7 Rf8 32. b3 Qb2 33. Qf4 Re8
34. Ndc6 f6 35. Qe4 Ra8 36. Ne5 Qxe5 37. Qxa8+ 1-0

[Event "2BLW 2122 SK Münster - SG Solingen II"]
[Site "?"]
[Date "2022.05.15"]
[Round "6.2"]
[White "Webb, Laurence E"]
[Black "Roseneck, Jonas"]
[Result "0-1"]
[WhiteElo "2155"]
[BlackElo "2391"]
[PlyCount "142"]
[EventDate "2022.??.??"]

1. b3 e5 2. Bb2 Nc6 3. e3 d5 4. Bb5 Nge7 5. Bxe5 a6 6. Bxc6+ Nxc6 7. Bg3 d4 8.
Nf3 Bg4 9. h3 Bh5 10. d3 Bb4+ 11. Nbd2 Qf6 12. O-O Bxd2 13. Qxd2 Bxf3 14. gxf3
O-O-O 15. e4 h5 16. f4 h4 17. Bh2 g6 18. Kh1 Rh5 19. Rg1 Rc5 20. Rg4 a5 21. a3
Qe7 22. Rg5 Rc3 23. f5 Rxc2 24. Qxc2 Qxg5 25. fxg6 Qxg6 26. Qe2 Kb8 27. Qg4 Qf6
28. f4 Qe7 29. Qg5 Qe6 30. b4 Qxh3 31. b5 f6 32. Qg2 Qxg2+ 33. Kxg2 Na7 34. a4
Nc8 35. f5 Nb6 36. Kh3 Rg8 37. Bf4 Rh8 38. Ra2 Rh7 39. Bh2 Kc8 40. Bg1 Re7 41.
Bf2 c5 42. bxc6 bxc6 43. Bxh4 Rf7 44. Be1 Nd7 45. Bg3 Kb7 46. Bd6 c5 47. Kg4
Kc6 48. Bf4 Rh7 49. Kg3 Rh1 50. Kg4 Rd1 51. Ra3 Re1 52. Bg3 Re2 53. Bf4 Re1 54.
Bg3 Rc1 55. Ra2 Rc3 56. Rd2 Ra3 57. Kh5 c4 58. Kg6 Rxd3 59. Rxd3 cxd3 60. Be1
Nc5 61. Kxf6 d2 62. Bxd2 Nxe4+ 63. Ke5 Nxd2 64. f6 Nc4+ 65. Kxd4 Nd6 66. Ke5
Kc5 67. Ke6 Ne4 68. Kf5 Nxf6 69. Kxf6 Kb4 70. Ke5 Kxa4 71. Kd4 Kb3 0-1

[Event "2BLW 2122 SK Münster - SG Solingen II"]
[Site "?"]
[Date "2022.05.15"]
[Round "6.3"]
[White "Schlecht, Daniel"]
[Black "Muschik, Benedikt"]
[Result "1/2-1/2"]
[WhiteElo "2376"]
[BlackElo "2330"]
[PlyCount "330"]
[EventDate "2022.??.??"]

1. d4 g6 2. c4 Bg7 3. Nf3 d6 4. Nc3 Bg4 5. g3 Bxf3 6. exf3 c5 7. d5 Bxc3+ 8.
bxc3 Qa5 9. Bd2 Nd7 10. Be2 Ngf6 11. O-O O-O-O 12. Qc2 Nb6 13. a4 Nfd7 14. Rfb1
a6 15. Qb3 Kc7 16. Kg2 Rhe8 17. Bg5 Rc8 18. h4 h5 19. Bf1 Rb8 20. Re1 Ne5 21.
Bd2 Ned7 22. Bg5 Ne5 23. Bd2 Ned7 24. Bf4 Nc8 25. Bd3 Qb6 26. Qc2 Qa5 27. Bf1
Kb6 28. Kh2 Ka7 29. Qb3 Qb6 30. Qc2 Qa5 31. Ra2 Ncb6 32. Kg2 Nc8 33. Bd3 Ka8
34. Ra3 Ka7 35. Bf1 Ka8 36. Raa1 Ka7 37. Re3 Ka8 38. Kh2 Ka7 39. Bh3 Ndb6 40.
Qb3 Rd8 41. Re2 Ka8 42. Ra3 Ka7 43. Qa2 Ka8 44. Rb2 Nd7 45. Re2 Ndb6 46. Qb3
Ka7 47. Kh1 Ka8 48. Bg5 f6 49. Bd2 Nd7 50. Be6 Qc7 51. Kg2 Qb6 52. Qa2 Qc7 53.
Re1 Rf8 54. a5 Ka7 55. Bh3 Ne5 56. f4 Ng4 57. f3 Nh6 58. Qc2 f5 59. Kh2 Rf6 60.
Qa4 Qd8 61. Bf1 Ka8 62. Bd3 Na7 63. Re3 Qe8 64. Qd1 Qd7 65. Qe2 Re8 66. Bc2 Qc7
67. Ba4 Rb8 68. Rxe7 Qxa5 69. Bc1 Qd8 70. Ra1 Ng8 71. Re3 Rf7 72. Bd2 Qa5 73.
Qe1 Qc7 74. Be8 Rg7 75. Re6 Ne7 76. Ba4 Nec8 77. Qe2 Qa5 78. Ra2 Qc7 79. Kg2
Re7 80. Ra1 Rg7 81. Kf2 Nb6 82. Be8 Qd8 83. Bxg6 Qg8 84. Bxh5 Rxg3 85. Bg4 fxg4
86. Kxg3 gxf3+ 87. Kxf3 Qh7 88. Rh1 Rg8 89. Re8+ Rxe8 90. Qxe8+ Nac8 91. Qe4
Qh5+ 92. Kf2 Ka7 93. f5 Ne7 94. Bg5 Ng8 95. Qe2 Qh7 96. Qe4 Nd7 97. Qe6 Ne5 98.
Re1 Nd3+ 99. Ke2 Nxe1 100. Kxe1 a5 101. Qg6 Qd7 102. Qxg8 Qxf5 103. Qe6 Qb1+
104. Ke2 Qa2+ 105. Kf3 Qxc4 106. Qe4 Qb3 107. Kg4 a4 108. c4 Qd1+ 109. Kf5 a3
110. Bf6 a2 111. Ke6 a1=Q 112. Bxa1 Qxa1 113. Kxd6 Qd4 114. Qxd4 cxd4 115. h5
d3 116. h6 d2 117. h7 d1=Q 118. h8=Q Qg1 119. Qe5 Qb6+ 120. Kd7 Qc5 121. Qc7
Qf2 122. Qd6 Qf7+ 123. Qe7 Qf5+ 124. Qe6 Qh7+ 125. Kd6 Qh2+ 126. Qe5 Qh6+ 127.
Kd7 Qh7+ 128. Qe7 Qf5+ 129. Kd8 Qg4 130. Qc5+ Kb8 131. Qd6+ Ka7 132. Qa3+ Kb8
133. Qd6+ Ka7 134. c5 Qg8+ 135. Kd7 Qf7+ 136. Kd8 Qg8+ 137. Kc7 Qb8+ 138. Kd7
Qg8 139. c6 Qf7+ 140. Kc8 bxc6 141. dxc6 Qe8+ 142. Kc7 Qf7+ 143. Qd7 Qf4+ 144.
Kc8+ Kb6 145. c7 Qe4 146. Qd6+ Ka7 147. Qa3+ Kb6 148. Qb3+ Ka7 149. Qa3+ Kb6
150. Qd6+ Ka7 151. Kd8 Qh4+ 152. Qe7 Qh8+ 153. Kd7 Qd4+ 154. Kc8 Qh8+ 155. Kd7
Qd4+ 156. Qd6 Qg7+ 157. Kc6 Qc3+ 158. Kd7 Qg7+ 159. Qe7 Qd4+ 160. Ke8 Qh8+ 161.
Kf7 Qc8 162. Qa3+ Kb7 163. Qb4+ Kxc7 164. Qc4+ Kb8 165. Qxc8+ Kxc8 1/2-1/2

[Event "2BLW 2122 SK Münster - SG Solingen II"]
[Site "?"]
[Date "2022.05.15"]
[Round "6.4"]
[White "Wolter, Kai"]
[Black "Schaefer, Markus"]
[Result "1/2-1/2"]
[WhiteElo "2280"]
[BlackElo "2373"]
[PlyCount "24"]
[EventDate "2022.??.??"]

1. e4 e6 2. d4 d5 3. exd5 exd5 4. Nf3 Nf6 5. Bd3 Be7 6. O-O Bg4 7. Re1 O-O 8.
c3 c5 9. dxc5 Bxc5 10. Be3 Bxe3 11. Rxe3 Nc6 12. Nbd2 d4 1/2-1/2

[Event "2BLW 2122 SK Münster - SG Solingen II"]
[Site "?"]
[Date "2022.05.15"]
[Round "6.5"]
[White "Berg, Michael"]
[Black "Schmitzer, Klaus"]
[Result "1/2-1/2"]
[WhiteElo "2292"]
[BlackElo "2261"]
[PlyCount "53"]
[EventDate "2022.??.??"]

1. d4 e6 2. c4 b6 3. a3 Bb7 4. Nc3 f5 5. d5 Na6 6. g3 Nf6 7. Bg2 Be7 8. Nh3 O-O
9. O-O Nc5 10. Nf4 a5 11. Be3 e5 12. Nd3 e4 13. Nxc5 Bxc5 14. Bxc5 bxc5 15. f3
exf3 16. exf3 f4 17. Qd3 Rb8 18. Rae1 Bc8 19. Bh3 Nh5 20. Ne4 fxg3 21. hxg3
Rxb2 22. Rf2 Rb6 23. Bg4 Nf6 24. Bh3 Nxe4 25. Rxe4 Rh6 26. Kg2 d6 27. Be6+
1/2-1/2

[Event "2BLW 2122 SK Münster - SG Solingen II"]
[Site "?"]
[Date "2022.05.15"]
[Round "6.6"]
[White "Chilla, Jan Eric"]
[Black "Kniest, Oliver"]
[Result "1/2-1/2"]
[WhiteElo "2236"]
[BlackElo "2260"]
[PlyCount "39"]
[EventDate "2022.??.??"]

1. Nf3 d5 2. g3 c5 3. Bg2 Nc6 4. d4 Nf6 5. O-O e6 6. c4 dxc4 7. dxc5 Qxd1 8.
Rxd1 Bxc5 9. Nbd2 c3 10. bxc3 O-O 11. Ne1 Rd8 12. Nd3 Be7 13. Rb1 Nd5 14. Bb2
Bd7 15. c4 Nb6 16. Ba1 Na5 17. Bc3 Nc6 18. Ba1 Na5 19. Bc3 Nc6 20. Ba1 1/2-1/2

[Event "2BLW 2122 SK Münster - SG Solingen II"]
[Site "?"]
[Date "2022.05.15"]
[Round "6.7"]
[White "Wickenfeld, Stefan"]
[Black "Kamp, Christoph"]
[Result "1/2-1/2"]
[WhiteElo "2173"]
[BlackElo "2260"]
[PlyCount "88"]
[EventDate "2022.??.??"]

1. d4 d5 2. Nf3 e6 3. g3 Nf6 4. Bg2 b5 5. O-O Bb7 6. a4 b4 7. c4 c5 8. Ne5 Nbd7
9. Bg5 Be7 10. cxd5 Nxe5 11. dxe5 Nxd5 12. Bxe7 Qxe7 13. Nd2 O-O 14. Ne4 Nb6
15. Qc2 Bxe4 16. Bxe4 Rac8 17. Bxh7+ Kh8 18. Be4 c4 19. Qc1 Nd5 20. Rd1 Rfd8
21. Rd4 c3 22. b3 a5 23. Bd3 Kg8 24. Rh4 Rc5 25. Qf1 Qc7 26. Qh3 Kf8 27. e4 Nb6
28. Rh8+ Ke7 29. Qh4+ Kd7 30. Bb5+ Rxb5 31. axb5 Rxh8 32. Qxh8 c2 33. Rc1 a4
34. Qxg7 Ke8 35. Qg8+ Ke7 36. Qg5+ Ke8 37. Qe3 Qd7 38. bxa4 Qd1+ 39. Kg2 Nxa4
40. b6 Nxb6 41. Qxb6 Qxc1 42. Qb8+ Kd7 43. Qb7+ Ke8 44. Qb8+ Kd7 1/2-1/2

[Event "2BLW 2122 SK Münster - SG Solingen II"]
[Site "?"]
[Date "2022.05.15"]
[Round "6.8"]
[White "Rott, Georg"]
[Black "Peschel, Andreas"]
[Result "1-0"]
[WhiteElo "2149"]
[BlackElo "2199"]
[PlyCount "79"]
[EventDate "2022.??.??"]

1. e4 g6 2. d4 Bg7 3. Nc3 c6 4. Bf4 Qb6 5. Nge2 Qxb2 6. Rb1 Qa3 7. Bc7 b6 8.
Bf4 Qa5 9. e5 b5 10. Bd2 Qd8 11. Ne4 d6 12. exd6 exd6 13. Bf4 Bf8 14. d5 c5 15.
N2c3 f5 16. Bxb5+ Kf7 17. Ng5+ Kg7 18. O-O Qf6 19. Bc1 Qd4 20. Qxd4+ cxd4 21.
Ne2 h6 22. Ne6+ Bxe6 23. dxe6 Be7 24. Nxd4 Bf6 25. Rd1 Ne7 26. Ba3 Rd8 27. g3
Kh7 28. c4 a6 29. Ba4 Ra7 30. Rb6 Rc7 31. Bb3 d5 32. Bxe7 Bxe7 33. cxd5 Bc5 34.
Nc6 Nxc6 35. Rxc6 Rxc6 36. dxc6 Re8 37. Rd7+ Kg8 38. c7 Bb6 39. Rd8 Kf8 40.
Rxe8+ 1-0

[Event "2BLW 2122 SG Bochum - SC Hansa Dortmund"]
[Site "?"]
[Date "2022.05.15"]
[Round "6.1"]
[White "Klyuner, Vyacheslav"]
[Black "Schlawin, Marlon"]
[Result "1-0"]
[WhiteElo "2438"]
[BlackElo "2327"]
[PlyCount "81"]
[EventDate "2022.??.??"]

1. e4 Nf6 2. e5 Nd5 3. d4 d6 4. Nf3 g6 5. Bc4 c6 6. O-O Bg7 7. exd6 Qxd6 8. Nc3
Nd7 9. Ne4 Qc7 10. Bg5 O-O 11. Re1 a5 12. a4 b6 13. Qd2 Ba6 14. Bb3 Rfe8 15.
Rad1 Rac8 16. c3 Bb7 17. Bh4 Rcd8 18. Bg3 Qc8 19. h4 N7f6 20. Nxf6+ Nxf6 21.
Ne5 Rf8 22. Nc4 Nd5 23. h5 c5 24. hxg6 hxg6 25. Be5 Qc6 26. f3 cxd4 27. Qxd4
Bxe5 28. Qxe5 Ba6 29. Rd4 Nf6 30. Kf2 Rxd4 31. Qxd4 Bxc4 32. Bxc4 Qc7 33. Rd1
Rc8 34. b3 Kg7 35. f4 Kg8 36. Rd3 Qc6 37. Kg1 Qc7 38. f5 gxf5 39. Qh4 Qc5+ 40.
Kf1 Ng4 41. Rh3 1-0

[Event "2BLW 2122 SG Bochum - SC Hansa Dortmund"]
[Site "?"]
[Date "2022.05.15"]
[Round "6.2"]
[White "Tkachuk, Konstantyn"]
[Black "Scholz, Christian"]
[Result "0-1"]
[WhiteElo "2265"]
[BlackElo "2362"]
[PlyCount "76"]
[EventDate "2022.??.??"]

1. e4 c5 2. Nf3 d6 3. d4 cxd4 4. Nxd4 Nf6 5. Nc3 a6 6. Bc4 e6 7. Bb3 b5 8. f3
Nbd7 9. Be3 Nc5 10. Qd2 Qc7 11. g4 Be7 12. g5 Nfd7 13. h4 Nb6 14. h5 Nca4 15.
Bxa4 bxa4 16. b3 d5 17. exd5 Nxd5 18. Nxd5 exd5 19. O-O-O O-O 20. Rdg1 axb3 21.
axb3 a5 22. g6 Bf6 23. gxh7+ Kxh7 24. Bg5 Qe5 25. Bxf6 Qxf6 26. Rg5 a4 27. b4
a3 28. Rhg1 a2 29. Kb2 Re8 30. c3 Re5 31. f4 Re4 32. f5 Ba6 33. Rxg7+ Qxg7 34.
Rxg7+ Kxg7 35. Qg5+ Kh7 36. f6 a1=Q+ 37. Kxa1 Bc4+ 38. Kb1 Re1+ 0-1

[Event "2BLW 2122 SG Bochum - SC Hansa Dortmund"]
[Site "?"]
[Date "2022.05.15"]
[Round "6.3"]
[White "Kotter, Ralf"]
[Black "Hengelbrock, Joachim"]
[Result "1-0"]
[WhiteElo "2335"]
[BlackElo "2295"]
[PlyCount "139"]
[EventDate "2022.??.??"]

1. e4 c5 2. Nf3 Nc6 3. Bb5 Nf6 4. e5 Ng4 5. Bxc6 dxc6 6. d3 g6 7. O-O Bg7 8.
Re1 Nh6 9. h3 b6 10. a4 a5 11. Bf4 Nf5 12. Na3 Nd4 13. Nc4 Ne6 14. Be3 O-O 15.
Qd2 f5 16. exf6 exf6 17. Bh6 Ra7 18. Bxg7 Rxg7 19. Qc3 Nf4 20. Qb3 Nd5 21. Re2
Kh8 22. Rae1 g5 23. Nh2 Rb7 24. Ne3 Nf4 25. Rd2 Re7 26. Red1 Be6 27. Qc3 h5 28.
Kf1 Bd5 29. d4 c4 30. Nxd5 Qxd5 31. Qf3 Qxf3 32. Nxf3 Kg7 33. d5 cxd5 34. g3
Nxh3 35. Rxd5 Rc8 36. Nd4 Kg6 37. Nf5 Rec7 38. Re1 Rb8 39. Kg2 g4 40. Nh4+ Kg7
41. f4 Rbb7 42. Nf5+ Kg6 43. Red1 Rc5 44. Nh4+ Kf7 45. Rd8 Re7 46. Kf1 Re3 47.
R1d7+ Re7 48. Rd6 b5 49. Rh8 bxa4 50. Rh7+ Ke8 51. Rh8+ Kf7 52. Rh6 c3 53.
Rhxf6+ Kg8 54. Nf5 Rxf5 55. Rxf5 cxb2 56. Rb6 a3 57. Rxa5 Rd7 58. Ke1 Re7+ 59.
Kd2 Rd7+ 60. Ke3 Rd1 61. Rb7 Re1+ 62. Kd2 Re8 63. Rxa3 Ng1 64. Rxb2 Nf3+ 65.
Kd3 h4 66. gxh4 g3 67. c4 Ne1+ 68. Kd4 g2 69. Rxg2+ Nxg2 70. Rg3+ 1-0

[Event "2BLW 2122 SG Bochum - SC Hansa Dortmund"]
[Site "?"]
[Date "2022.05.15"]
[Round "6.4"]
[White "Tkachuk, Sergij"]
[Black "Zelt, Jens"]
[Result "1/2-1/2"]
[WhiteElo "2243"]
[BlackElo "2083"]
[PlyCount "73"]
[EventDate "2022.??.??"]

1. e4 d6 2. d4 c6 3. f4 e6 4. Nf3 Nf6 5. Bd3 Nbd7 6. O-O Be7 7. c3 Nb6 8. h3
Qc7 9. Be3 Bd7 10. Nbd2 g6 11. Qe2 Nh5 12. Qf2 O-O 13. g4 Ng7 14. Nc4 Nxc4 15.
Bxc4 d5 16. exd5 cxd5 17. Bd3 f6 18. Rae1 Bd6 19. Qd2 a6 20. h4 Be8 21. Re2 Rc8
22. Rg2 Bb5 23. Bxb5 axb5 24. a3 Kf7 25. Ne5+ Ke8 26. Nd3 Kd8 27. Qe2 Qd7 28.
Rf3 Kc7 29. Bf2 Rce8 30. g5 Nh5 31. Bg3 fxg5 32. hxg5 Rf5 33. Bh2 Kb6 34. Qe3
Kc7 35. Re2 Qc6 36. Kg2 Qd7 37. Kg1 1/2-1/2

[Event "2BLW 2122 SG Bochum - SC Hansa Dortmund"]
[Site "?"]
[Date "2022.05.15"]
[Round "6.5"]
[White "Linker, Walter"]
[Black "Backwinkel, Paul"]
[Result "0-1"]
[WhiteElo "2048"]
[BlackElo "2294"]
[PlyCount "60"]
[EventDate "2022.??.??"]

1. f4 d5 2. Nf3 g6 3. e3 Bg7 4. c4 Nf6 5. Nc3 O-O 6. Be2 c5 7. d3 dxc4 8. dxc4
Qxd1+ 9. Bxd1 Bf5 10. Nd2 Nc6 11. e4 Bd7 12. e5 Ng4 13. Nde4 b6 14. h3 Nh6 15.
g4 f6 16. exf6 exf6 17. O-O f5 18. Nf2 Nd4 19. g5 Nf7 20. Be3 Rae8 21. Bxd4
Bxd4 22. Bf3 Re3 23. Kg2 Bxc3 24. bxc3 Rxc3 25. Bd5 Re8 26. Rfe1 Rxe1 27. Rxe1
Kf8 28. Rd1 Nd8 29. Rd2 Ne6 30. Nd3 Rxd3 0-1

[Event "2BLW 2122 SG Bochum - SC Hansa Dortmund"]
[Site "?"]
[Date "2022.05.15"]
[Round "6.6"]
[White "Prieb, Robert"]
[Black "Krueger, Simon"]
[Result "1-0"]
[WhiteElo "2034"]
[BlackElo "2013"]
[PlyCount "149"]
[EventDate "2022.??.??"]

1. d4 Nf6 2. c4 d6 3. Nf3 g6 4. Nc3 Bg7 5. e4 c6 6. Be2 O-O 7. O-O Bg4 8. Be3
Re8 9. Nd2 Bxe2 10. Qxe2 e6 11. f4 d5 12. cxd5 exd5 13. e5 Nfd7 14. f5 f6 15.
fxg6 hxg6 16. Qg4 Nf8 17. exf6 Rxe3 18. Qf4 Qxf6 19. Qxe3 Qxd4 20. Qxd4 Bxd4+
21. Kh1 Nbd7 22. Rae1 b5 23. Nb3 Bf6 24. Na5 Rc8 25. g3 Kg7 26. Nb7 Ne5 27. Nc5
a5 28. Ne2 Nc4 29. b3 Nd2 30. Rf2 Re8 31. Rd1 Ne4 32. Nxe4 Rxe4 33. Rc1 Re6 34.
Nf4 Bd4 35. Nxe6+ Nxe6 36. Rfc2 c5 37. Re2 Ng5 38. Re7+ Kf6 39. Rb7 Be3 40.
Rf1+ Ke5 41. Re7+ Ne6 42. Kg2 c4 43. bxc4 bxc4 44. Re1 d4 45. Kf3 Kd6 46. Ra7
Ng5+ 47. Ke2 Kd5 48. h4 Ne6 49. Kf3 Bd2 50. Rxe6 Kxe6 51. Ke4 d3 52. Rc7 Be1
53. Rc6+ Kf7 54. Ke3 d2 55. Ke2 Bxg3 56. Rxc4 Be1 57. Kd1 Ke7 58. Ra4 Ke6 59.
Rxa5 Bxh4 60. Kxd2 Be7 61. Ke3 g5 62. Ke4 Kd6 63. Rb5 Kc6 64. a4 Bc5 65. Kf5
Be3 66. Rb3 Bd2 67. Rb2 Be3 68. a5 Bd4 69. Rb3 Bf2 70. Kxg5 Be1 71. a6 Bf2 72.
Rb7 Bb6 73. Kf5 Bc7 74. Ke6 Bg3 75. Rg7 1-0

[Event "2BLW 2122 SG Bochum - SC Hansa Dortmund"]
[Site "?"]
[Date "2022.05.15"]
[Round "6.8"]
[White "Gluma, Christian"]
[Black "Werner, Patrick"]
[Result "1-0"]
[WhiteElo "2012"]
[BlackElo "1885"]
[PlyCount "69"]
[EventDate "2022.??.??"]

1. e4 c6 2. d4 d5 3. e5 Bf5 4. h4 Qc7 5. Nh3 h6 6. g4 Bd7 7. g5 hxg5 8. Nxg5 e6
9. Rh3 Nh6 10. Bd3 Na6 11. c3 O-O-O 12. Qf3 Be7 13. Bf4 Qb6 14. Qe2 Nc7 15. Nf3
Nf5 16. h5 f6 17. Qc2 Rdg8 18. Rh2 g5 19. exf6 Bxf6 20. Be5 Bxe5 21. Nxe5 Nh4
22. Nd2 Be8 23. O-O-O Rxh5 24. Ndc4 dxc4 25. Nxc4 Nd5 26. Nxb6+ axb6 27. Be2
Rh6 28. Bg4 Nf4 29. Qa4 Kc7 30. Qb4 Rh7 31. Kb1 Bg6+ 32. Ka1 Rf7 33. Qc4 b5 34.
Qc5 Ra8 35. Qxg5 1-0

[Event "2BLW 2122 SV 1920 Hofheim - SF Neuberg"]
[Site "?"]
[Date "2022.05.15"]
[Round "6.1"]
[White "Lubbe, Nikolas"]
[Black "Ginsburg, Gennadi"]
[Result "1-0"]
[WhiteElo "2446"]
[BlackElo "2405"]
[PlyCount "71"]
[EventDate "2022.??.??"]

1. d4 d5 2. Nf3 Nf6 3. c4 e6 4. e3 c5 5. cxd5 exd5 6. Bb5+ Nc6 7. O-O cxd4 8.
Nxd4 Bd7 9. b3 Bd6 10. Bb2 O-O 11. Nc3 Rc8 12. h3 Bb8 13. Nf3 Bf5 14. Ne2 a6
15. Bxc6 bxc6 16. Ned4 Bg6 17. b4 Ne4 18. Rc1 Qd6 19. Qe2 a5 20. bxa5 c5 21.
Nb5 Qe6 22. Nh4 Rfe8 23. Nxg6 hxg6 24. Rfd1 c4 25. Nc3 Nf6 26. Qc2 Bc7 27. Ne2
Ne4 28. Nd4 Qd6 29. Nf3 Bxa5 30. Qa4 Bb6 31. Rxc4 Ra8 32. Qc6 Qe7 33. Rxd5 Nxf2
34. Qxb6 Rxa2 35. Kxf2 Qa3 36. Rd2 1-0

[Event "2BLW 2122 SV 1920 Hofheim - SF Neuberg"]
[Site "?"]
[Date "2022.05.15"]
[Round "6.2"]
[White "Womacka, Mathias"]
[Black "Lubbe, Melanie"]
[Result "1/2-1/2"]
[WhiteElo "2423"]
[BlackElo "2308"]
[PlyCount "83"]
[EventDate "2022.??.??"]

1. e4 c5 2. Nf3 d6 3. d4 cxd4 4. Nxd4 Nf6 5. Nc3 Nc6 6. Be2 e5 7. Nf3 h6 8. O-O
Be7 9. Re1 O-O 10. h3 Be6 11. Bf1 Qa5 12. Bd2 Qd8 13. Na4 d5 14. exd5 Qxd5 15.
c4 Qd6 16. Bc3 Qxd1 17. Raxd1 Nd7 18. Nxe5 Ndxe5 19. Bxe5 Nxe5 20. Rxe5 Rfd8
21. Rxd8+ Rxd8 22. Nc5 Bxc5 23. Rxc5 Rd2 24. Rb5 b6 25. g4 Rd1 26. b3 Ra1 27.
a4 Kf8 28. f4 Bd7 29. Rd5 Bc6 30. Rd3 Be4 31. Rc3 Rb1 32. Kf2 Rb2+ 33. Ke3 Bc2
34. b4 Bxa4 35. b5 Ke7 36. g5 Ra2 37. c5 bxc5 38. Rxc5 Bb3 39. h4 Rc2 40. Rxc2
Bxc2 41. Bc4 f6 42. gxh6 1/2-1/2

[Event "2BLW 2122 SV 1920 Hofheim - SF Neuberg"]
[Site "?"]
[Date "2022.05.15"]
[Round "6.3"]
[White "Bethke, Richard"]
[Black "Gurevich, Vladimir"]
[Result "1/2-1/2"]
[WhiteElo "2370"]
[BlackElo "2466"]
[PlyCount "78"]
[EventDate "2022.??.??"]

1. e4 c5 2. Nf3 d6 3. d4 cxd4 4. Nxd4 Nf6 5. Nc3 a6 6. Be3 e6 7. Be2 Qc7 8. g4
d5 9. exd5 Bb4 10. dxe6 Bxc3+ 11. bxc3 Qxc3+ 12. Kf1 fxe6 13. Qe1 Qc7 14. c4
O-O 15. h3 Nc6 16. Nxc6 Qxc6 17. Rg1 e5 18. Qa5 Be6 19. Rc1 Nd7 20. h4 Rac8 21.
h5 Qe4 22. Qd2 Rf7 23. c5 Nf6 24. Qc2 Qc6 25. Ke1 Nd5 26. Qe4 Nxe3 27. Qxe3
Bxa2 28. g5 Rf4 29. Qxe5 Re4 30. Qb2 Qe6 31. h6 Rc7 32. Rd1 Bd5 33. Rg3 Re7 34.
Rd2 Qe5 35. Qxe5 R7xe5 36. Kd1 Bc6 37. Rd8+ Re8 38. Rxe8+ Bxe8 39. Kd2 Bc6 {(=)
} 1/2-1/2

[Event "2BLW 2122 SV 1920 Hofheim - SF Neuberg"]
[Site "?"]
[Date "2022.05.15"]
[Round "6.4"]
[White "Zude, Arno"]
[Black "Wahedi, Ahmad Siar"]
[Result "1/2-1/2"]
[WhiteElo "2378"]
[BlackElo "2287"]
[PlyCount "93"]
[EventDate "2022.??.??"]

1. e4 e6 2. d4 d5 3. e5 c5 4. c3 Nc6 5. Nf3 Qb6 6. Be2 Nh6 7. Bxh6 gxh6 8. Qd2
Bd7 9. O-O Bg7 10. Na3 cxd4 11. cxd4 O-O 12. Nc2 f6 13. exf6 Rxf6 14. b4 a6 15.
a4 Rxf3 16. Bxf3 Nxd4 17. Nxd4 Qxd4 18. Qxd4 Bxd4 19. Ra2 Rc8 20. Be2 Rc3 21.
Rb1 e5 22. b5 Bf5 23. Rd1 a5 24. Bf3 Be6 25. h3 b6 26. Kh2 Rc5 27. Bg4 Kf7 28.
Rd3 Rc4 29. Rf3+ Ke7 30. Bxe6 Kxe6 31. Rf8 e4 32. g4 Bg7 33. Re8+ Kd7 34. Ra8
Be5+ 35. Kg2 d4 36. Ra7+ Bc7 37. Ra8 d3 38. Ra1 Bf4 39. Kf1 Be5 40. Rd1 Rc2 41.
Rf8 Ke7 42. Rf5 Ke6 43. Re1 Rc4 44. Rh5 Bf4 45. Rf5 Be5 46. Rh5 Bf4 47. Rf5
1/2-1/2

[Event "2BLW 2122 SV 1920 Hofheim - SF Neuberg"]
[Site "?"]
[Date "2022.05.15"]
[Round "6.5"]
[White "Kuenstler, Christian"]
[Black "Zude, Erik"]
[Result "1/2-1/2"]
[WhiteElo "2269"]
[BlackElo "2385"]
[PlyCount "77"]
[EventDate "2022.??.??"]

1. Nf3 c5 2. c4 Nc6 3. g3 g6 4. Bg2 Bg7 5. Nc3 e5 6. a3 a5 7. O-O d6 8. d3 Nge7
9. Bd2 O-O 10. Rb1 h6 11. Ne1 Be6 12. Nc2 d5 13. cxd5 Nxd5 14. Nxd5 Bxd5 15.
Bxd5 Qxd5 16. Ne3 Qe6 17. Bc3 b5 18. b3 h5 19. a4 b4 20. Bb2 Nd4 21. Bxd4 cxd4
22. Nc4 Bh6 23. e4 dxe3 24. fxe3 f5 25. Qe2 Ra7 26. Rbd1 Rd8 27. e4 f4 28. gxf4
Bxf4 29. d4 Rf7 30. d5 Qh3 31. Kh1 Qxb3 32. Nxa5 Qh3 33. Rd3 Qh4 34. Qf2 Qxf2
35. Rxf2 Ra8 36. Nc6 Rxa4 37. d6 Rd7 38. Nb8 Rb7 39. Nc6 {(=)} 1/2-1/2